000 01397cam a22003374a 4500
001 13757728
003 OSt
005 20180116192418.0
008 041021s2005 nyua b 001 0 eng
010 _a 2004025130
020 _a1580931286 (alk. paper)
035 _a(OCoLC)ocm56809648
040 _aDLC
_cDLC
_dYDX
_dBAKER
_dMUQ
_dDLC
042 _apcc
050 0 0 _aNA2790
_b.M597 2005
082 0 0 _a720.228
_222
100 1 _aMoon, Karen.
_97015
245 1 0 _aModeling messages :
_bthe architect and the model /
_cKaren Moon.
260 _aNew York :
_bMonacelli Press,
_c2005.
300 _a239 p. :
_bill. (some col.) ;
_c23 cm.
504 _aIncludes bibliographical references (p. [214]-231) and index.
505 0 _aThe model defined -- A common thread -- A question of scale -- Vision -- Communication: idea and identity -- Makers -- Material matters -- A process of change.
650 0 _aArchitectural models.
_97016
650 0 _aArchitectural models
_xHistory
_y20th century.
_97017
650 0 _aArchitecture
_vDesigns and plans.
_97018
856 4 1 _3Table of contents
_uhttp://www.loc.gov/catdir/toc/ecip052/2004025130.html
906 _a7
_bcbc
_corignew
_d1
_eecip
_f20
_gy-gencatlg
942 _2ddc
_cBK
999 _c353811
_d353811